Ivkova biela mať

Bibliographic Details
Main Author: Bodenek, Ján, 1911-1985 (Author)
Other Authors: Vrabec, Ján, 1959- (Bookjacket designer, Illustrator)
Format: Book
Language:Slovak
PhysicalDescription:135 strán, [7] nečíslovaných strán obrazových príloh farebné ilustrácie 22 cm
Published: Martin Osveta 1988
Edition:1. vyd. v Osvete
Subjects:

MARC

LEADER 00000cam a2200000 a 4500
001 vtls001122190
003 SK-MaSNL
005 20260301001658.0
008 240226s1988 xo a jrn 000 f slo
015 |a SNBA1988 
020 |q (viazané) 
035 |a SNK000065033 
035 |a F44B1E5B-295A-407C-AB81-47D498F2F116 
035 |a urn:nbn:sk:snk-am00iffu 
040 |a SNK  |b slo  |c SNK  |e AACR2 
041 0 |a slo 
044 |a xo  |c SK 
072 7 |a 821.162.4-3  |x Slovenská próza  |2 konspekt 
072 7 |a 821-93  |x Literatúra pre deti a mládež (beletria)  |2 konspekt 
080 |a 821.162.4-31  |2 2011 
080 |a 82-93-053.4/.5  |2 2011 
080 |a 821-311.4  |2 2011 
100 1 |a Bodenek, Ján,  |d 1911-1985  |4 aut  |9 117898 
245 1 0 |a Ivkova biela mať  |c Ján Bodenek ; [obálka a ilustrácie Ján Vrabec] 
250 |a 1. vyd. v Osvete 
260 |a Martin  |b Osveta  |c 1988 
300 |a 135 strán, [7] nečíslovaných strán obrazových príloh  |b farebné ilustrácie  |c 22 cm 
366 |e 10000 kusov 
500 |a Ilustrácie na frontispice a predsádkach. Edičná poznámka na strane 135 
500 |a Celkovo 8. vyd. 
504 |a Obsahuje bibliografické odkazy 
521 1 |a Pre čitateľov od 9 rokov 
655 7 |a slovenské romány  |2 SNKPH  |9 70324 
655 7 |a chlapčenské romány  |2 SNKPH  |9 276906 
655 7 |a literatúra pre deti a mládež  |2 SNKPH  |9 189378 
655 7 |a sociálne romány  |2 SNKPH  |9 86883 
700 1 |a Vrabec, Ján,  |d 1959-  |4 bjd  |4 ill  |9 158326 
852 |a Slovenská národná knižnica 
954 |a beletria pôvodná (slovenská)  |2 lita 
958 |a RK 
958 |a TL 
958 |a DB 
958 |a LX 
958 |a OND 
958 |a NB 
999 |c 535462  |d 537392 
952 |a SNK  |b SNK  |y PREZ  |7 0  |p 17A0963412  |o snkSC 72422  |i snkKSP 7368/88  |0 0  |1 0  |4 0  |d 2012-09-21  |f 1  |l 0  |r 2025-07-25 00:00:00  |w 2026-02-23 
952 |t P60, <05>, [BOOK], {605}  |a SNK  |b SNK  |y PREZ  |7 0  |p 17A0355088  |o snkSC 72422 D1  |i snkKSP 7369/88  |0 0  |1 0  |4 0  |d 2002-09-17  |l 0  |r 2004-12-31 00:00:00  |w 2026-02-23